| 000 | 00635nam a2200217 i 4500 | ||
|---|---|---|---|
| 001 | 124341 | ||
| 003 | ES-MaACL | ||
| 005 | 20250813062601.0 | ||
| 007 | t| | ||
| 008 | 070321s1927 sp ||||1| spa d | ||
| 100 | 1 |
_aWentscher, Max. _9116490 |
|
| 245 | 1 | 0 |
_aTeoría del conocimiento / _cMax Wentscher ; traducción de Rubén Landa y Vaz. |
| 260 |
_aBarcelona : _bLabor, _c[1927] |
||
| 300 |
_a192 p. ; _c17 cm. |
||
| 490 | 1 |
_aColección Labor ; _v121 |
|
| 650 | 4 |
_aEpistemología. _912338 |
|
| 700 | 1 |
_aLanda, Rubén. _969918 |
|
| 830 | 0 | 0 |
_aColección Labor _v121 _9184254 |
| 852 |
_aES-MaACL _jE-2651 |
||
| 999 |
_c124341 _d124341 |
||